UBT Library

Wongs Nursing care of inants and children: (Record no. 2288)

000 -LEADER
fixed length control field 00358nam a22001337a 4500
008 - FIXED-LENGTH DATA ELEMENTS--GENERAL INFORMATION
fixed length control field 160520b xxu||||| |||| 00| 0 eng d
020 ## - INTERNATIONAL STANDARD BOOK NUMBER
International Standard Book Number 9780323039635
020 ## - INTERNATIONAL STANDARD BOOK NUMBER
International Standard Book Number 9780323039635
020 ## - INTERNATIONAL STANDARD BOOK NUMBER
International Standard Book Number 0323039634
041 ## - LANGUAGE CODE
Language code of text/sound track or separate title eng
080 ## - UNIVERSAL DECIMAL CLASSIFICATION NUMBER
Universal Decimal Classification number 618.2
245 ## - TITLE STATEMENT
Title Wongs Nursing care of inants and children:
Statement of responsibility, etc Marlilyn J. Hockenberry; David Wilson;
942 ## - ADDED ENTRY ELEMENTS (KOHA)
Source of classification or shelving scheme
Item type Books
Holdings
Withdrawn status Lost status Source of classification or shelving scheme Damaged status Not for loan Collection code Permanent location Current location Shelving location Date acquired Total Checkouts Full call number Barcode Date last seen Price effective from Koha item type
          Koleksioni i përgjithshem UBT - Lipjan UBT - Lipjan Koleksioni i përgjithshem 05/20/2016   618.2 HOC 002-035593 05/20/2016 05/20/2016 Books
          Koleksioni i përgjithshem UBT - Lipjan UBT - Lipjan Koleksioni i përgjithshem 01/18/2017   618.2 HOC 002-036288 01/18/2017 01/18/2017 Books
UBT Library © 2015-2024. All rights reserved University Education for Business and Technology